Song Lyrics: Rammstein - Feuer Frei! - Statistics

General Stats
  • This quiz has been taken 149 times
  • The average score is 95 of 140
Answer Stats
Text % Correct
Feuer,
99%
Feuer
99%
frei!
99%
Bang,
82%
Bang!
82%
bang!
82%
das
79%
ein
71%
Ein
71%
mein
71%
Mein
71%
die
68%
in
67%
ist,
67%
ist
67%
Schrei,
67%
dein
65%
Dein
65%
verbrennt.
64%
Ich
62%
Gesicht.
61%
vom
60%
nicht
59%
wer
59%
kennt,
58%
Schmerzen
58%
Haut
56%
heißer
52%
Glück
49%
Glück,
49%
Licht
48%
Lust
48%
den
47%
ihren
45%
Unglück.
45%
Kind,
42%
Leben
42%
Geist
41%
Schoß.
41%
Gefährlich
40%
Gefährlich,
40%
Funkenstoß
39%
trennt.
38%
gebrannte
34%
werfe
34%
wird
34%
mit
31%
Geadelt
29%
Getadelt
29%
No matching quizzes found
Score Distribution
Percent of People with Each Score
Percentile by Number Answered
Your Score History
You have not taken this quiz